<?xml version="1.0" encoding="UTF-8"?>
<record
    xmlns:xsi="http://www.w3.org/2001/XMLSchema-instance"
    xsi:schemaLocation="http://www.loc.gov/MARC21/slim http://www.loc.gov/standards/marcxml/schema/MARC21slim.xsd"
    xmlns="http://www.loc.gov/MARC21/slim">

  <leader>00469nam a22001577a 4500</leader>
  <datafield tag="999" ind1=" " ind2=" ">
    <subfield code="c">17572</subfield>
    <subfield code="d">17572</subfield>
  </datafield>
  <controlfield tag="008">190325b        xxu||||| |||| 00| 0 eng d</controlfield>
  <datafield tag="020" ind1=" " ind2=" ">
    <subfield code="a">1780646817</subfield>
  </datafield>
  <datafield tag="040" ind1=" " ind2=" ">
    <subfield code="a">KABU</subfield>
    <subfield code="c">KABU</subfield>
  </datafield>
  <datafield tag="050" ind1=" " ind2=" ">
    <subfield code="a">G156.5</subfield>
    <subfield code="b">.T73 2011 c. 1</subfield>
  </datafield>
  <datafield tag="100" ind1=" " ind2=" ">
    <subfield code="a">Travis, Anthony S.</subfield>
  </datafield>
  <datafield tag="245" ind1=" " ind2=" ">
    <subfield code="a">Planning for tourism, leisure and sustainability</subfield>
    <subfield code="c">Anthony S. travis</subfield>
  </datafield>
  <datafield tag="260" ind1=" " ind2=" ">
    <subfield code="a">UK</subfield>
    <subfield code="b">CABI</subfield>
    <subfield code="c">2011</subfield>
  </datafield>
  <datafield tag="300" ind1=" " ind2=" ">
    <subfield code="a">xxv, 330 p.</subfield>
  </datafield>
  <datafield tag="650" ind1=" " ind2=" ">
    <subfield code="a">Sustainable tourism</subfield>
    <subfield code="x">Case studies</subfield>
  </datafield>
  <datafield tag="942" ind1=" " ind2=" ">
    <subfield code="2">lcc</subfield>
    <subfield code="c">BK</subfield>
    <subfield code="h">G156.5</subfield>
  </datafield>
  <datafield tag="952" ind1=" " ind2=" ">
    <subfield code="0">0</subfield>
    <subfield code="1">0</subfield>
    <subfield code="2">lcc</subfield>
    <subfield code="7">0</subfield>
    <subfield code="a">KABU</subfield>
    <subfield code="b">KABU</subfield>
    <subfield code="d">2019-03-25</subfield>
    <subfield code="g">6681.03</subfield>
    <subfield code="l">0</subfield>
    <subfield code="o">G156.5 .T73 2011 c. 1</subfield>
    <subfield code="p">022953</subfield>
    <subfield code="r">2019-03-25 00:00:00</subfield>
    <subfield code="t">c. 1</subfield>
    <subfield code="w">2019-03-25</subfield>
    <subfield code="y">BK</subfield>
  </datafield>
  <datafield tag="952" ind1=" " ind2=" ">
    <subfield code="0">0</subfield>
    <subfield code="1">0</subfield>
    <subfield code="2">lcc</subfield>
    <subfield code="7">0</subfield>
    <subfield code="a">KABU</subfield>
    <subfield code="b">KABU</subfield>
    <subfield code="d">2019-03-25</subfield>
    <subfield code="g">6681.03</subfield>
    <subfield code="l">1</subfield>
    <subfield code="o">G156.5 .T73 2011 c. 2</subfield>
    <subfield code="p">022955</subfield>
    <subfield code="r">2022-02-25 00:00:00</subfield>
    <subfield code="s">2022-02-09</subfield>
    <subfield code="t">c. 2</subfield>
    <subfield code="w">2019-03-25</subfield>
    <subfield code="y">BK</subfield>
  </datafield>
</record>
